| 000 | 01225pam a2200337 a 4500 | ||
|---|---|---|---|
| 001 | 4248981 | ||
| 005 | 20200421093819.0 | ||
| 008 | 081029r20092008enkacfj b 001 0 eng d | ||
| 015 |
_aGBA8D1109 _2bnb |
||
| 020 |
_a9780552772389 (pbk.) : _c£8.99 |
||
| 020 |
_a0552772380 (pbk.) : _c£8.99 |
||
| 035 | _a(UkOxU)UkOxUb16949256 | ||
| 035 | _a(Uk)014821422 | ||
| 035 | _a1964466 | ||
| 040 |
_aStDuBDS _beng _cStDuBDS |
||
| 042 | _aukscp | ||
| 082 | 0 | 4 |
_a942.447 _222 |
| 100 | 1 |
_aMulvagh, Jane. _9117 |
|
| 245 | 1 | 0 |
_aMadresfield : _bone home, one family, one thousand years / _cJane Mulvagh. |
| 246 | 1 | 4 |
_aMadresfield : _bthe real Brideshead |
| 260 |
_aLondon : _bBlack Swan, _c2009, c2008. |
||
| 300 |
_a496 p., [12] p. of plates : _bill. (some col.), ports., geneal. tables ; _c20 cm. |
||
| 500 | _aOriginally published: London : Doubleday, 2008. | ||
| 504 | _aIncludes bibliographical references and index. | ||
| 600 | 3 | 0 |
_aLigon family. _9118 |
| 610 | 2 | 0 |
_aMadresfield Court (England) _9119 |
| 650 | 0 |
_aManors _zEngland _zWorcestershire _xHistory. _9120 |
|
| 650 | 0 |
_aUpper class families _zEngland _zWorcestershire _xHistory. _9121 |
|
| 651 | 0 |
_aWorcerstershire (England) _xSocial life and customs. _9122 |
|
| 942 |
_2ddc _cBK |
||
| 999 |
_c96 _d96 |
||